Solar System Trivia - Statistics

General Stats
  • This quiz has been taken 677 times
    672 since last reset
  • The average score is 14 of 15
Answer Stats
Hint Answer % Correct
Which planet is the largest? Jupiter
100%
How many moons does Earth have? 1
99%
How many planets are in the solar system? 8
99%
Which planet has the best atomosphere for humans? Earth
99%
Which planet is fourth from the sun? Mars
99%
The planet closest to the sun is Mercury
99%
What galaxy is the solar system in? Milky way
99%
Which planet has the most rings? Saturn
99%
Which planet is seventh from the sun? Uranus
99%
Which planet is closest to Earth? Venus
99%
The planet furthest from the sun is Neptune
98%
What used to be a planet, but was downgraded to a dwarf planet? Pluto
98%
The Solar System's planets revolve around what? Sun
96%
In between Mars and Jupiter is the (blank) belt Asteroid
88%
One of Mars' moons (The larger one) Phobos
71%
No matching quizzes found
Score Distribution
Percent of People with Each Score
Percentile by Number Answered
Your Score History
You have not taken this quiz since the last reset